000
00311nam a2200133Ia 4500
008
150201s2006 xx 000 0 und d
082
_a
618.92
_b
P06G
100
_a
GUPTE,SURAJ
245
_a
TB OF PEDIARICS NUTRITION
250
_a
1ST
260
_b
PEEPEE
_a
DELHI
_c
2006
650
_a
PAEDIATRICS
942
_2
ddc
_c
BK
999
_c
665
_d
665